Ground wars (Record no. 141924)
[ view plain ]
| 000 -LEADER | |
|---|---|
| fixed length control field | 01716nam a2200349 a 4500 |
| 082 04 - DEWEY DECIMAL CLASSIFICATION NUMBER | |
| Classification number | 324.7/30973 |
| 100 1# - MAIN ENTRY--AUTHOR NAME | |
| Personal name | Nielsen, Rasmus Kleis, |
| 245 10 - TITLE STATEMENT | |
| Title | Ground wars |
| 260 ## - PUBLICATION, DISTRIBUTION, ETC. (IMPRINT) | |
| Place of publication | Princeton : |
| Name of publisher | Princeton University Press, |
| Year of publication | 2012. |
| 300 ## - PHYSICAL DESCRIPTION | |
| Number of Pages | viii, 239 p. : |
| Other physical details | ill. |
| 505 0# - FORMATTED CONTENTS NOTE | |
| Formatted contents note | Prologue: welcome to the campaigns -- Personalized political communication in American campaigns -- The ground war enters the twenty-first century -- Contacting voters at home -- Organizing campaign assemblages -- Targeting voters for personal contacts -- Always fighting the same ground war?. |
| 650 #0 - SUBJECT ADDED ENTRY--TOPICAL TERM | |
| Topical Term | Political campaigns |
| Topical Term | Communication in politics |
| 856 40 - ELECTRONIC LOCATION AND ACCESS | |
| Uniform Resource Identifier | http://site.ebrary.com/lib/rucke/Doc?id=10522527 |
No items available.
